01572nam a2200241Ia 4500001000600000003000900006008004100015040001300056040001300069041001300082100001700095100002900112245002800141245002800169250001100197260001400208260002100222260004900243300005700292500092400349650002601273650003101299B3148IT-RoPAU130308s9999 xx 000 0 und d aIT-RoPAU cIT-RoPAU aFRANCESE aLohisse Jean gCodice Aut. SPICS: 12855 aHomme et le cyborg (L') bHomme et le cyborg (L') a1a ed. aBRUXELLES bDe Boeck/Wesmael c1991 [1° Ed.:1991 - Ed.Ling.Originale:1991] a"208 p. (prefazione: no ; testo: 208 [pagine: 0-0])" aUomo e L'Organismo cibernetico o Cyborg. Organismo Umano e Il Robot. Comunicazione per Vendere: Campo dell'Economico, Informazione, Comunicazione e Politica. Macchine per Comunicare: nuove tecnologie e Nuovi Strumenti, Nuovimedia, Nuovi Servizi di Comunicazione, Nuovi Processi. Universo della Tecnica, Impronta della Tecnica. Tecnologie: Tecnolinguaggio, Tecnoideologia, Tecnocultura. sistemi di Comunicazione: Problemi di Linguaggio: Informazionee Dati, relazionale e Operativo, Comunicazione e Commutazione. Spirito Deltempo: Reale e immaginario nella Mentalità Informatizzata, Memoria del Futuro, schermo e Specchio. Costruzione della Societa': Cellulizzazione, Identità Universalità e Località, Piramide e le Stelle. Avvenire Auspicabile: saggezza ed Etica, superare la Scienza (Morale Scientifica, Natura e Destino, Dall'Individuo Alla Persona), dominio della Comunicazione nel Sistema Uomo. Bibliografia. aSAGGI DI ANTROPOLOGIA eCodice materia Spics: 3507